| 000 | 01942cam a22003974i 4500 | ||
|---|---|---|---|
| 003 | PE-LiUPU | ||
| 005 | 20250731183450.0 | ||
| 008 | 20070601s2007 us a rb 000 0 eng d | ||
| 020 | _a9781616776206 | ||
| 035 | _aPE-LiUPU2025017 | ||
| 040 |
_aPE-LiUPU _bspa _cPE-LiUPU _erda |
||
| 082 | 0 | 4 |
_a786.2193 _bF115m _223 |
| 100 | 1 |
_aFaber, Nancy, _eautora. _95703 |
|
| 245 | 1 | 0 |
_aMy First Piano Adventure For the young beginner : _bWriting Book A Pre-reading / _cNancy Faber, Randall Faber. |
| 250 | _aPrimera edición. | ||
| 264 | 1 |
_aAnn Arbor, MI : _bFaber Piano Adventures, _c2007. |
|
| 300 |
_a64 páginas : _bilustraciones ; _c30 cm |
||
| 336 |
_atext _2rdacontent |
||
| 337 |
_aunmediated _2rdamedia |
||
| 338 |
_avolume _2rdacarrier |
||
| 504 | _aIncluye pistas de audio en CD y recursos online. | ||
| 505 |
_tLESSON BOOK A: _aIntroduction to the piano -- Steady beat on white keys -- Introduction to the black keys -- Forte and piano -- The Quarter note -- The Half note -- The Whole note -- The music alphabet A B C D E F G -- The C 5-finger scale -- Staff preparation |
||
| 505 |
_tWRITING BOOK A: _aIntroduction to the piano -- Steady beat on white keys -- Introduction to the black keys -- Forte f and piano p -- Quarter note -- Half note -- Whole note -- The music alphabet -- C5 finger scale -- Staff preparation -- Certificate |
||
| 526 | _aP158 | ||
| 526 | _aP146 | ||
| 526 | _aP17 | ||
| 526 | _aP12 | ||
| 526 | _aP06 | ||
| 650 | 1 | 4 |
_aPiano _xMétodos (Nivel elemental) _95707 |
| 650 | 2 | 4 |
_aPiano _xEstudio y Enseñanza (Primaria) _95708 |
| 700 |
_aFaber, Randall, _eautor. _95706 |
||
| 856 | 4 | 0 |
_uhttps://www.pianoadventures.lat/publicaciones/my-first-piano-adventure-lesson-book-a-with-cd/ _zSitio web del editor. |
| 942 |
_2ddc _cBK _n0 |
||
| 980 |
_618226 _aJaime Vilcazán Jefe de Análisis Documental _81 _gALBERTO SANCHEZ Responsable de Automatización |
||
| 999 |
_c62997 _d62996 |
||